LEADER 01173nam a2200229 i 4500
001 000000047880
003 CaOOAMICUS
005 20120413000000.0
008 120413s1966 xx u000 u eng u
013 $a19050
040 $aSeMil$bita
100 1 $aCardwell, Edward
.$0(OLS)http://semarc/name/11956
245 12$aA history of conferences and other proceedings ; connected with the revision of the Book of Common Prayer :$bfrom the year 1558 to the year 1690 /$cby Edward Cardwell.
250 $aThird edition.
260 $aRidgewood, New Jersey :$bGregg Press,$c1966.
300 $aXII, 464 p. ;$c20 cm.
500 $aRistampa anastatica. - Facsimile dell'ed. : Oxford : At the University Press, 1849.
650 4$aChiesa Anglicana - Storia.$0(OLS)http://semarc/subject/6162
850 $aSeMil
852 $aSeMil$W1$xVenegono$y1$m2D I 89$j14035$B14035$CSeMilBibl$Z2$F14035 $81
996 $6245$aA history of conferences and other proceedings ; connected with the revision of the Book of Common Prayer :$bfrom the year 1558 to the year 1690$9(OLS)http://semarc/title/72282
996 $6260$aRidgewood, New Jersey :$bGregg Press$9(OLS)http://semarc/publisher/36875
LEADER 00970nam a2200205 i 4500
001 000000024234
003 CaOOAMICUS
005 20251218162722.0
008 180830s1910 it u000 u ita u
040 $aSeMil$bita
100 1 $aDe Amicis, Pietro Maria,$c.$0(OLS)http://semarc/name/10736
245 10$aCaeremoniale Parochorum iuxta novissmas apostolicas sanctiones concnnatum. Opus duobus tomis distributum :$bex Ephemridibus Liturgicis excerptum /$cPietro M. De Amicis.
260 $aRoma :$bArtero,$c1910.
300 $a2 v. ;$c24 cm.
650 4$aCerimoniale - Rito romano.$0(OLS)http://semarc/subject/59482
774 0 $tTomus 1.$w()196982
774 0 $tTomus 2.$w()196983
996 $6245$aCaeremoniale Parochorum iuxta novissmas apostolicas sanctiones concnnatum. Opus duobus tomis distributum :$bex Ephemridibus Liturgicis excerptum$9(OLS)http://semarc/title/32531
996 $6260$aRoma :$bArtero$9(OLS)http://semarc/publisher/36132